Statystyki dla Imiona youtuberów powyżej 1 mln subskrypcji

Kliknij tutaj aby rozwiązać quiz!

Ogólne statystyki

  • Ten quiz został rozwiązany 17 316 razy
  • Średni wynik to 49 z 78

Statystyki odpowiedzi

Nazwa kanałuImię twórcy% Poprawnych
BlowekKarol
99%
FrizKarol
99%
Sitr0xKarol
99%
dealereqKarol
99%
KarolekKarol
99%
Marcin MalczyńskiMarcin
92%
Marcin DubielMarcin
92%
5 sposobów na...Marcin
92%
FIT LOVERSMateusz
88%
Mateusz M.Mateusz
88%
Agnieszka Grzelak VlogAgnieszka
87%
Agnieszka Grzelak BeautyAgnieszka
87%
Cyber MarianDominik
87%
Dominik ŁupickiDominik
87%
5 sposobów na...Tomasz
87%
Tomasz 'Gimper' DziałowyTomasz
87%
Dawid FrankDawid
85%
Remigiusz MaciaszekRemigiusz
84%
reZigiuszRemigiusz
84%
JDabrowskyJan
82%
MagdalenaMariaMonikaMagdalena
81%
TRENUJ Z KRZYCHEMKrzysztof
78%
StuuStuart
78%
Stuu BurtonStuart
78%
Zuzanna BoruckaZuzanna
78%
Vito MinecraftAdam
74%
PoszukiwaczAdam
74%
WiP Bros.Adam
74%
NaruciakAdam
74%
Martin StankiewiczMartin
74%
MULTIMichał
74%
RoxMbMichał
74%
BOXDEJMichał
74%
izak LIVEPiotr
73%
Zajcu37Piotr
73%
WiP Bros.Piotr
73%
Ajgor IgnacyIgor
71%
WiP Bros.Wojciech
68%
WojanWojciech
68%
SA WardegaSylwester
63%
FIT LOVERSPamela
61%
IsAmUSzymon
60%
THEUNBOXALLPaweł
59%
AbstrachujeTVRobert
59%
NIEPRZYGOTOWANI: Nowe PokolenieRobert
59%
KaluchKamil
57%
BEKSYAleksandra
55%
MandzioŁukasz
55%
AbstrachujeTVRafał
52%
NIEPRZYGOTOWANI: Nowe PokolenieRafał
52%
AbstrachujeTVCezary
51%
NIEPRZYGOTOWANI: Nowe PokolenieCezary
51%
Niekryty KrytykMaciej
51%
Z DvpyMaciej
51%
TheNitroZyniakSergiusz
50%
DeeJayPallasideDaniel
49%
BEKSYNadia
49%
AdBusterMarek
47%
VertezBartosz
46%
RojsonPatryk
45%
Medusa OfficialAdrian
44%
Planeta FaktówJacek
39%
PonkiWiktor
38%
DezyDezydery
35%
Red Lipstick MonsterEwa
33%
smiechawaTVAntoni
31%
SzparagiKarolina
31%
5 sposobów na...Sebastian
31%
smiechawaTVAndrzej
30%
PonkiGrzegorz
30%
5 sposobów na...Przemysław
30%
DisowskyyPrzemysław
30%
SzparagiNatalia
29%
5 sposobów na...Artur
27%
Topowa DychaArtur
27%
skkfFlorian
26%
PonkiVin
25%
PonkiDominika
24%

Rozkład punktacji

Percentyl według liczby udzielonych odpowiedzi

Procent ludzi z każdym wynikiem

Twoja historia wyników

Nie rozwiązałeś tego quizu